| 000 | 00433nam a2200157Ia 4500 | ||
|---|---|---|---|
| 008 | 210716s2013 xx 000 0 und d | ||
| 020 | _a9789382332428 | ||
| 041 | _aeng | ||
| 082 | _a511.2 VEEG | ||
| 100 | _aVeena, G R;Sambargi, Seema. | ||
| 245 | _aBusiness mathematics and statistics. | ||
| 250 | _a1 | ||
| 260 |
_aNew Delhi _bI K International Publishing House Pvt Ltd _c2013 |
||
| 300 | _ax,394 | ||
| 650 | _aMathematics(510) | ||
| 999 |
_c194123 _d194123 |
||